Normal view
MARC view
- Needles, Belverd E., Henry R. Anderson, james C. Caldwell
Entry Personal Name
001 - CONTROL NUMBER
- control field: 6817
003 - CONTROL NUMBER IDENTIFIER
- control field: JO-AjAnu
005 - DATE AND TIME OF LATEST TRANSACTION
- control field: 20230606071414.0
008 - FIXED-LENGTH DATA ELEMENTS
- fixed length control field: 230606|| aca||aabn | a|a d
040 ## - CATALOGING SOURCE
- Original cataloging agency: JO-AjAnu
- Transcribing agency: JO-AjAnu
100 ## - HEADING--PERSONAL NAME
- Personal name: Needles, Belverd E., Henry R. Anderson, james C. Caldwell
670 ## - SOURCE DATA FOUND
- Source citation: Work cat.: (JO-AjAnu)3533: Needles, Belverd E., Henry R. Anderson, james C. Caldwell, author, Principles of Accounting